FGC Llobregat - Anoia (estacions) - Estadísticas

Estadísticas generales
  • Esta prueba ha sido intentada 185 veces
  • La puntuación promedio es 25 de 41
Estadísticas de respuestas
Respuesta % Correcto
Igualada
82%
Sant Boi
79%
Martorell Enllaç
77%
Cornellà - Riera
76%
Martorell Central
75%
Molí Nou / Ciutat Cooperativa
75%
Olesa de Montserrat
75%
Almeda
74%
Europa / Fira
74%
Magoria la Campana
73%
Illdefons Cerdà
72%
Quatre Camins
71%
Manresa Baixador
70%
Gornal
69%
Sant Josep
69%
Abrera
66%
Sant Andreu de la Barca
65%
Can Ros
64%
Manresa Alta
64%
Colonia Güell
63%
Pallejà
63%
Monistrol de Montserrat
61%
Sant Vicenç dels Horts
60%
Martorell Vila / Catellbisbal
58%
Piera
56%
El Palau
55%
Masquefa
55%
Aeri de Montserrat
53%
Manresa Viladordis
53%
Santa Coloma de Cervelló
53%
Capellades
49%
La Beguda
49%
Vilanova del Camí
47%
Castellbell i el Vilar
45%
Barcelona Pl. Espanya
44%
Hospitalet Avinguda Carrilet
44%
Sant Vicenç - Castellgalí
40%
La Pobla de Claramunt
39%
Vallbona d'Anoia
38%
Can Parellada
36%
Sant Esteve de Sesrovires
34%
No se encontraron pruebas coincidentes
Distribución de puntuación
Porcentaje de gente con cada puntuación
Porcentaje por número respondido
Historial de tus puntuaciones
No has intentado esta prueba.